Statystyki dla Niemiec Drei

Kliknij tutaj aby rozwiązać quiz!

Ogólne statystyki

  • Ten quiz został rozwiązany 8 razy
  • Średni wynik to 9 z 41

Statystyki odpowiedzi

HintOdpowiedź% Poprawnych
SzkołaDie Schule
80%
SzpitalDas Krankenhaus
60%
TeatrDas Theater
60%
SprzedawcaDer Verkaufer
60%
PiekarniaDie Backerei
60%
PiekarzDer Backer
40%
FryzjerDer Friseur
40%
KelnerDer Kellner
40%
KucharzDer Koch
40%
NauczycielDer Lehrer
40%
MechanikDer Mechaniker
40%
AktorDer Schauspieler
40%
AptekaDie Apotheke
40%
GazetaDie Zeitung
40%
Naprawiać SamochodyAutos reparieren
20%
Piec ChlebBrot backen
20%
RestauracjaDas Restaurant
20%
AptekarzDer Apotheker
20%
LekarzDer Artz
20%
RolnikDer Bauer
20%
FotografDer Fotograf
20%
Salon FryzjerskiDer Friseursalon
20%
DziennikarzDer Journalist
20%
Warsztat SamochodowyDie Autowerkstatt
20%
PielęgniarkaDie Krankenschwester
20%
Robić ZdjęciaFotos machen
20%
Sprzedawać LekarstwaMedikamente verkaufen
20%
Studio FotograficzneDas Fotostudio
0%
Gospodarstwo RolneDer Bauernhof
0%
KsięgarzDer Buchhandler
0%
Handel
Der Handel
0%
WoźnyDer Hausmeister
0%
HandlowiecDer Kaufmann
0%
PielęgniarzDer Krankenpfleger
0%
SklepDer Laden
0%
ReżyserDer Reggiseur
0%
Podawać Jedzenie i NapojeEssen und getranke servieren
0%
Uprawiać WarzywaGemuse anbauen
0%
Obcinać i układać włosyHaare schneiden und legen
0%
Badać i Leczyć pacjentówPatienten untersuchen und behandeln
0%
ReżyserowaćRegie fuhren
0%

Rozkład punktacji

Percentyl według liczby udzielonych odpowiedzi

Procent ludzi z każdym wynikiem

Twoja historia wyników

Nie rozwiązałeś tego quizu